000 00587nam a2200193Ia 4500
005 20250508163659.0
008 008 250505s9999 xx 000 0 eng d
020 _a81-85107-22-X
037 _aTextual
040 _aFEDL
_beng
_cFEDL
041 _aeng
_2eng
084 _a305.420954, GAN
_qFEDL
100 _aGandhi Nandita
_9259065
245 0 _aIssues at stake
260 _aNew Delhi, India
_bTypeset in New Baskerville by IPP Catalogue Publications Private Limited
_c1993
300 _a347p.
942 _cTEXL
_h305.420954, GAN
999 _c1384668
_d1384668